header

Nietzsche's dancers (Record no. 87540)

MARC details
000 -LEADER
fixed length control field 01308nam a2200325Ia 4500
082 04 - DEWEY DECIMAL CLASSIFICATION NUMBER
Classification number 792.8/01
100 1# - MAIN ENTRY--AUTHOR NAME
Personal name LaMothe, Kimerer L.
245 10 - TITLE STATEMENT
Title Nietzsche's dancers
260 ## - PUBLICATION, DISTRIBUTION, ETC. (IMPRINT)
Place of publication New York :
Name of publisher Palgrave Macmillan,
Year of publication c2006.
300 ## - PHYSICAL DESCRIPTION
Number of Pages xv, 269 p.
650 #0 - SUBJECT ADDED ENTRY--TOPICAL TERM
Topical Term Dance
Topical Term Dance
856 40 - ELECTRONIC LOCATION AND ACCESS
Uniform Resource Identifier http://site.ebrary.com/lib/rucke/Doc?id=10135622

No items available.

© 2026 Rongo University
Contact us: librarian | system librarian | Rongo university